Nghiên cứu và ứng dụng máy lạnh nhờ hiệu ứng xoáy để sản xuất nước lạnh và điều hòa không khí phục vụ sinh hoạt :Đề tài khoa học và công nghệ cấp cơ sở

Saved in:
Bibliographic Details
Main Author: Hồ Trần Anh Ngọc
Format: Book
Language:Vietnamese
Published: Trường Cao đẳng Công nghệ 2014
Subjects:
Tags: Add Tag
No Tags, Be the first to tag this record!
Institutions: Mạng thư viện Đại học Đà Nẵng
LEADER 01156nam a2200313 a 4500
001 000000015
003 03842
005 20171229145310.0
008 171229s2014 vie
040 |a LSK 
041 0 |a VIE 
082 0 |a 621.5  |b HO-N 
100 1 |a Hồ Trần Anh Ngọc 
245 0 0 |a Nghiên cứu và ứng dụng máy lạnh nhờ hiệu ứng xoáy để sản xuất nước lạnh và điều hòa không khí phục vụ sinh hoạt :Đề tài khoa học và công nghệ cấp cơ sở 
260 |b Trường Cao đẳng Công nghệ  |c 2014 
300 |a 45 pages  |c 27 
653 |a Nhiệt lạnh - Kỹ thuật 
852 |a Phòng Đọc 
901 |a 1 
927 |a Báo cáo khoa học 
OWN |a LSK 
AVA |a UDN50  |b LSK  |d 621.5 HO-N  |e available  |t Error 5001 Not defined in file expand_doc_bib_avail.  |f 1  |g 0  |h N  |i 0  |k 1 
999 |a From the UDN01 
AVA |a UDN50  |b LSK  |d 621.5 HO-N  |e available  |t Error 5001 Not defined in file expand_doc_bib_avail.  |f 1  |g 0  |h N  |i 0  |k 1 
TYP |a Monograph 
TYP |a Printed language 
980 |a Mạng thư viện Đại học Đà Nẵng